|
|
|
|
| LEADER |
01156nam a2200289 i 4500 |
| 001 |
41109 |
| 003 |
BD-DhAAL |
| 005 |
20230515162923.0 |
| 008 |
230511t1980 ilua b 001 0 eng |
| 010 |
|
|
|a 80012844
|
| 020 |
|
|
|a 0226805018
|
| 020 |
|
|
|a 0226805026
|
| 040 |
|
|
|a DLC
|c DLC
|d DLC
|d BD-DhAAL
|
| 082 |
0 |
0 |
|a 339
|
| 100 |
1 |
|
|a Tobin, James,
|d 1918-2002.
|9 54202
|
| 245 |
1 |
0 |
|a Asset accumulation and economic activity :
|b reflections on contemporary macroeconomic theory /
|c James Tobin.
|
| 260 |
|
|
|a Chicago :
|b University of Chicago Press,
|c 1980.
|
| 300 |
|
|
|a xv, 99 pages :
|b illustrations ;
|c 23 cm.
|
| 490 |
|
|
|a Yrjö Jahnsson lectures
|
| 504 |
|
|
|a Includes bibliographical references and index.
|
| 541 |
|
|
|a Donated by Akbar Ali Khan
|e 41109
|
| 650 |
|
0 |
|a Macroeconomics.
|
| 830 |
|
|
|a Yrjö Jahnsson lectures
|9 49967
|
| 852 |
|
|
|a Ayesha Abed Library
|c Akbar Ali Khan Collection
|
| 942 |
|
|
|2 ddc
|c BK
|
| 999 |
|
|
|c 45745
|d 45745
|
| 952 |
|
|
|0 0
|1 0
|2 ddc
|4 0
|6 339_000000000000000_TOB
|7 1
|9 73623
|a BRACUL
|b BRACUL
|c AAKC
|d 2023-05-11
|e Donated by Akbar Ali Khan
|g 609.93
|l 0
|o 339 TOB
|p 3010041109
|r 2023-05-11
|v 609.93
|w 2023-05-11
|y BK
|x $05.70 Price available in book
|